<?xml version="1.0" encoding="UTF-8"?><?xml-stylesheet type="text/xsl" href="static/style.xsl"?><OAI-PMH xmlns="http://www.openarchives.org/OAI/2.0/" xmlns:xsi="http://www.w3.org/2001/XMLSchema-instance" xsi:schemaLocation="http://www.openarchives.org/OAI/2.0/ http://www.openarchives.org/OAI/2.0/OAI-PMH.xsd"><responseDate>2026-06-02T12:28:58Z</responseDate><request verb="GetRecord" identifier="oai:riuma.uma.es:10630/35733" metadataPrefix="marc">https://riuma.uma.es/rest/oai/request</request><GetRecord><record><header><identifier>oai:riuma.uma.es:10630/35733</identifier><datestamp>2026-02-03T12:37:33Z</datestamp><setSpec>com_10630_2254</setSpec><setSpec>col_10630_37957</setSpec></header><metadata><record xmlns="http://www.loc.gov/MARC21/slim" xmlns:dcterms="http://purl.org/dc/terms/" xmlns:doc="http://www.lyncode.com/xoai" xmlns:xsi="http://www.w3.org/2001/XMLSchema-instance" xsi:schemaLocation="http://www.loc.gov/MARC21/slim http://www.loc.gov/standards/marcxml/schema/MARC21slim.xsd">
   <leader>00925njm 22002777a 4500</leader>
   <datafield ind2=" " ind1=" " tag="042">
      <subfield code="a">dc</subfield>
   </datafield>
   <datafield ind2=" " ind1=" " tag="720">
      <subfield code="a">Martínez-Sebastián, Carlos</subfield>
      <subfield code="e">author</subfield>
   </datafield>
   <datafield ind2=" " ind1=" " tag="260">
      <subfield code="c">2024</subfield>
   </datafield>
   <datafield ind2=" " ind1=" " tag="520">
      <subfield code="a">La heterogeneidad metodológica en los estudios del pie pediátrico no supone una base estable sobre la que centrar el diagnóstico y tratamiento de los distintos problemas del pie infantil. Por esta razón, el uso de pruebas altamente confiables es esencial para encontrar relaciones y establecer una base que oriente los siguientes estudios.&#xd;
Los objetivos de este estudio fue establecer la precisión de la posición de apoyo del calcáneo en reposo (RCSP) para la evaluación del pie plano en niños, alineada con la validez del índice de postura del pie (FPI). Y por otra parte desarrollar una nueva herramienta para identificar la hipermovilidad articular del pie y el tobillo pediátricos, basada en un sistema de puntuación dicotómico que utiliza la puntuación de evaluación de las extremidades inferiores (LLAS), para separar los elementos del pie y el tobillo.&#xd;
En un estudio transversal participaron un total de 205 niños, con edades comprendidas entre 5 y 10 años. Se exploró el punto de corte de RCSP y el FPI. Se calculó la técnica de curva ROC para evaluar la diferenciación entre grupos. Por otro lado, la nueva herramienta Índice de flexibilidad de pie y tobillo (FAFI) se basó en los últimos 7 elementos de LLAS, que son específicos del pie y el tobillo. La consistencia interna se midió con la prueba de Cronbach. Se calcularon estadísticas Kappa con IC del 95% para verificar el nivel de acuerdo entre evaluadores e intraevaluadores para el FAFI. Una puntuación igual o mayor a 7 en el FPI se utilizó como el "estándar de oro" para el análisis. La correlación entre FPI y RCSP fue significativa (r  = 0,63; p  &lt; 0,01). La puntuación de discriminación en la curva ROC (6 puntos/grados) muestra que el modelo se puede utilizar para identificar pie plano a través de RCSP, con una sensibilidad del 67% y una especificidad del 85%. Con respecto a la hipermovilidad el alfa de Cronbach arrojó 0,82.</subfield>
   </datafield>
   <datafield ind1="8" ind2=" " tag="024">
      <subfield code="a">https://hdl.handle.net/10630/35733</subfield>
   </datafield>
   <datafield tag="653" ind2=" " ind1=" ">
      <subfield code="a">Pies -  Anomalías y malformaciones - Tesis doctorales</subfield>
   </datafield>
   <datafield tag="653" ind2=" " ind1=" ">
      <subfield code="a">Pies - Niños - Tesis doctorales</subfield>
   </datafield>
   <datafield tag="653" ind2=" " ind1=" ">
      <subfield code="a">Podología pediátrica - Tesis doctorales</subfield>
   </datafield>
   <datafield ind2="0" ind1="0" tag="245">
      <subfield code="a">Evaluación de la relación entre la hipermovilidad con el movimiento y postura de pie-tobillo en una población pediátrica.</subfield>
   </datafield>
</record>
</metadata></record></GetRecord></OAI-PMH>